000 00658nam a2200229Ia 4500
003 OSt
005 20220928123943.0
006 a|||||r|||| 00| 0
007 ta
008 220927b |||||||| |||| 00| 0 eng d
024 _a68758
037 _cTextual
040 _aSDCL
_cSDCL
_beng
041 _2eng
_aeng
082 _aQ41:23:(R), M2
100 _aKashyap Bhikkhu
_9462553
245 0 _aBhidhamma philosophy or the psycho-ethical philosophy of early buddhism.
260 _aDelhi
_bBharatiya Vidya Prakashan
_c1982
300 _axv,265p.
_ccm.
942 _hQ41:23:(R), M2
_cTEXL
_2CC
999 _c775519
_d775519